Countries who has always sung in their own language at Eurovision - Statistics

General Stats
  • This quiz has been taken 176 times
  • The average score is 8 of 11
Answer Stats
Entries Country % Correct
66 United Kingdom
98%
66 France
95%
57 Ireland
87%
49 Italy
81%
38 Luxembourg
69%
1 Morocco
69%
9 Australia
68%
2 Serbia and Montenegro
68%
21 Monaco
67%
36 Malta
65%
27 Yugoslavia
53%
No matching quizzes found
Score Distribution
Percent of People with Each Score
Percentile by Number Answered
Your Score History
You have not taken this quiz